| 000 | 00487nam a22001457a 4500 | ||
|---|---|---|---|
| 999 |
_c13300 _d13300 |
||
| 008 | 190226b ||||| |||| 00| 0 eng d | ||
| 022 | _a16565649 | ||
| 082 | _aDPer 303.405 H22 June -Sept 2016 v.12 n. 7-10 | ||
| 100 |
_aSeng, Ng Chong. _937190 |
||
| 245 |
_aFuture homes today/ _cNg Chong Seng. |
||
| 260 |
_aQuezon City: _bHardware Zone Phils. Corp., _c©June -Sept 2016. |
||
| 300 |
_av12 n10, pages 74-82. _billustrations: _c28 cm. |
||
| 650 |
_aAutomation. _937191 |
||
| 942 |
_2ddc _cPER |
||